Logo BPK

Biblioteka

Politechniki Koszalińskiej

Programowy model interpretowanej sieci Petriego dla potrzeb projektowania mikrosystemów cyfrowych / (Rekord nr 43951)

Szczegóły MARC
000 -ETYKIETA REKORDU
podpole kontrolne o stałej długości 01049nam a2200265 i 4500
001 - NUMER KONTROLNY REKORDU
pole kontrolne bg
020 ## - MIĘDZYNARODOWY ZNORMALIZOWANY NUMER KSIĄŻKI - ISBN
ISBN 838932153X
040 ## - ŹRÓDŁO KATALOGOWANIA
Instytucja, która utworzyła rekord BPK
041 0# - KOD JĘZYKA
Kod języka tekstu pol
Kod języka streszczenia lub abstraktu eng
080 ## - UNIWERSALNA KLASYFIKACJA DZIESIĘTNA - UKD
UKD 004.31:004.454:519.1
920 ## - Międzynarodowy znormalizowany numer książki – ISBN
ISBN 83-89321-53-X
008 - POLE O STAŁEJ DŁUGOŚCI - DANE KONTROLNE
podpole kontrolne o stałej długości s pl f |000 0 pol
100 1# - NAZWA OSOBOWA
Nazwa osobowa ANDRZEJEWSKI, Grzegorz
245 10 - TYTUŁ/ODPOWIEDZIALNOŚĆ
Tytuł Programowy model interpretowanej sieci Petriego dla potrzeb projektowania mikrosystemów cyfrowych /
Pozostałe elementy strefy tytułu i oznaczenia odpowiedzialności Grzegorz Andrzejewski.
260 ## - STREFA ADRESU WYDAWNICZEGO
Miejsce wydania Zielona Góra :
Nazwa wydawcy/dystrybutora Oficyna Wydawnicza Uniwersytetu Zielonogórskiego,
Data publikacji, dystrybucji/powstania dokumentu 2003.
300 ## - STREFA OPISU FIZYCZNEGO
Objętość 109 s. :
Inne cechy fizyczne il. ;
Rozmiary 24 cm.
490 1# - STREFA SERII I DOKUMENTU WIELOCZĘŚCIOWEGO - FORMA NIE DO WYSZUKIWANIA
Tytuł i oznaczenie odpowiedzialności serii Prace Naukowe z Automatyki i Informatyki / Wydział Elektrotechniki, Informatyki i Telekomunikacji. Uniwersytet Zielonogórski ;
Numeracja w obrębie serii T.2
500 ## - UWAGI OGÓLNE
Tekst uwagi Streszcz. ang.
504 ## - UWAGA DOTYCZĄCA BIBLIOGRAFII
Informacje o bibliografii Bibliogr.
650 #9 - HASŁO PRZEDMIOTOWE W FORMIE NAZWY OGÓLNEJ LUB JEDNOSTKOWEJ
Nazwa ogólna lub geograficzna Sieci Petriego
650 #9 - HASŁO PRZEDMIOTOWE W FORMIE NAZWY OGÓLNEJ LUB JEDNOSTKOWEJ
Nazwa ogólna lub geograficzna Układy cyfrowe
Określnik ogólny projekty
650 #9 - HASŁO PRZEDMIOTOWE W FORMIE NAZWY OGÓLNEJ LUB JEDNOSTKOWEJ
Nazwa ogólna lub geograficzna Sterowniki
830 #0 - HASŁO DODATKOWE SERII LUB DOKUMENTU WIELOCZĘŚCIOWEGO - TYTUŁ UJEDNOLICONY
Tytuł ujednolicony Prace Naukowe z Automatyki i Informatyki (Wydział Elektrotechniki, Informatyki i Telekomunikacji. Uniwersytet Zielonogórski) ;
Oznaczenie tomu T.2
856 ## - LOKALIZACJA I DOSTĘP DO ELEKTRONICZNYCH DOKUMENTÓW ZDALNYCH
Link (URL) http://koha.tu.koszalin.pl/cgi-bin/koha/opac-detail.pl?biblionumber=43951
Tekst linku Katalog online BPK
942 ## - DODATKOWE ELEMENTY (KOHA)
Typ dokumentu Książka
Egzemplarze
Wycofany Status egzemplarza Uszkodzony Dostępność Lokalizacja stała Lokalizacja bieżąca Miejsce przechowywania Sygnatura Kod kreskowy Typ dokumentu
      Dostępny Biblioteka Politechniki Koszalińskiej Biblioteka Politechniki Koszalińskiej Wypożyczalnia BG 70479 02153087 Książka
© 2023 Biblioteka Politechniki Koszalińskiej :: KOHA